| 000 | 00692nam a2200205Ia 4500 | ||
|---|---|---|---|
| 003 | GCL | ||
| 008 | 140319s9999 xx 000 0 ara d | ||
| 040 |
_aGCL / _cGCL |
||
| 082 | 0 | 4 |
_aط _b812 _bم ل |
| 100 | 1 | _aمرزوق هلال | |
| 245 | 1 | 0 |
_aلمحات من حياه الرسول صلى الله عليه وسلم / _cمرزوق هلال |
| 700 | 1 | _aمحمد التهامى | |
| 260 |
_a[S.N] : _bدار الكتاب المصرى |
||
| 490 |
_aسلسلة المسرح الاسلامى للناشئين _v0 |
||
| 650 | 0 | 4 | _aالاطفال |
| 650 | 0 | 4 | _aقصص الاطفال |
| 650 | 0 | 4 | _aتخصص الانبياء |
| 650 | 0 | 4 | _aالمسرحيات الدينية |
| 942 |
_2ddc _cBK |
||
| 999 |
_c56514 _d56514 |
||